| 000 | 00650nam a2200229 a 4500 | ||
|---|---|---|---|
| 008 | |||
| 020 | _a047195960X | ||
| 049 | _aMAIN | ||
| 090 |
_aHB139 _bWON |
||
| 100 | 1 | _aWonnacott, Ronald J. | |
| 245 | 1 | 0 |
_aEconometrics / _cRonald J. Wonnacott, Thomas H. Wonnacott. |
| 260 |
_aNew York : _bWiley, _c1970. |
||
| 300 |
_aix, 445 p. : _bill. ; _c23 cm. |
||
| 504 | _aIncludes bibliographical references. | ||
| 650 | 0 | _aEconometrics. | |
| 700 | 1 | _aWonnacott, Thomas H. | |
| 907 |
_a.b10036362 _b11-04-13 _c17-04-03 |
||
| 003 | |||
| 005 | 20230123133200.0 | ||
| 040 | _cNUST | ||
| 942 |
_cBOOKS _kHB139 _mWON |
||
| 999 |
_c144139 _d144139 |
||